Didáctica matemática en acción: orientaciones pedagógicas para la Educación Matemática desde preescolar al ciclo básico secundario
-д хадгалсан:
| Үндсэн зохиолчид: | , |
|---|---|
| Формат: | Ном |
| Хэл сонгох: | испани |
| Хэвлэсэн: |
Buenos Aires
Braga
1994
|
| Хэвлэл: | 1a. ed |
| Нөхцлүүд: | |
| Шошгууд: |
Шошго нэмэх
Шошго байхгүй, Энэхүү баримтыг шошголох эхний хүн болох!
|
MARC
| LEADER | 00000nam a2200000 a 4500 | ||
|---|---|---|---|
| 001 | UCK6194 | ||
| 003 | CL-VaPUC | ||
| 008 | 050909e19940000AG |||||||||||||||||spa|d | ||
| 020 | |a 9507550666 | ||
| 082 | 0 | 4 | |a 372.7 |b VIC |2 21 |
| 100 | 0 | |a Vicente, Lidia V |e author |9 495235 | |
| 700 | 0 | |a Gerompini, Ana C |e author |9 495236 | |
| 245 | 1 | 0 | |a Didáctica matemática en acción: orientaciones pedagógicas para la Educación Matemática desde preescolar al ciclo básico secundario |
| 250 | |a 1a. ed | ||
| 300 | |a 350 p | ||
| 942 | |c BK | ||
| 945 | |d 20050909 00:00:00 |a cmena | ||
| 260 | |a Buenos Aires |b Braga |c 1994 | ||
| 650 | 0 | |a Matemáticas |x Enseñanza |9 875527 | |
| 650 | 0 | |a Métodos de enseñanza |9 270413 | |
| 650 | 0 | |a Planificación del currículo |9 269599 | |
| 650 | 0 | |a Educación básica |9 224933 | |
| 650 | 0 | |a Educación preescolar |9 260381 | |
| 583 | |a last modification |c 20050909 00:00:00 |k Rodrigo Vera | ||
| 999 | |c 314505 |d 314503 | ||
| 952 | |0 0 |1 0 |4 0 |6 372_700000000000000_VIC_1994 |7 0 |8 P |9 386808 |a BIBEDU |b BIBEDU |c BIBEDU_PB |d 2019-11-22 |i 4155548 |l 1 |o 372.7 VIC 1994 |p 4155548 |r 2024-01-25 |s 2022-08-18 |w 2019-11-22 |y BK |k EBA | ||